Pán Tragáčik a Fantomas /

Guardado en:
Detalles Bibliográficos
Autor principal: NIENACKI, Zbigniew (Autor)
Otros Autores: ČAČKO, Peter (Traductor)
Formato: Libro
Lenguaje:eslovaco
Publicado: Bratislava Mladé letá 1986
Edición:1. vydanie
Colección:STOPY
Etiquetas: Agregar Etiqueta
Sin Etiquetas, Sea el primero en etiquetar este registro!

MARC

LEADER 00000nam a22000003a 4500
001 0101885
003 SK-STU
005 20230512141313.3
007 ta
008 230512s ----xo-----e------000-0-----d
040 |a STU  |b slo 
041 0 |a slo 
044 |a xo 
100 1 |a NIENACKI, Zbigniew  |4 aut 
245 1 0 |a Pán Tragáčik a Fantomas /  |c aut. Zbigniew NIENACKI ; prekl. Peter ČAČKO 
250 |a 1. vydanie 
260 |a Bratislava  |b Mladé letá  |c 1986 
300 |a 266 s. 
490 0 |a STOPY 
700 1 |a ČAČKO, Peter  |4 trl 
996 |c I* 4SOA13899  |l I  |s A  |a 24  |w 0101885_0001